000 00523nam a2200229Ia 4500
003 OSt
005 20221007082548.0
006 a|||||r|||| 00| 0
007 ta
008 221006b |||||||| |||| 00| 0 eng d
024 _a10,654
037 _cTextual
040 _aFLL
_cFLL
_beng
041 _2eng
_aeng
082 _aZ1, N5
100 _aKapoor
_9699161
245 0 _aInternational law
260 _c1995
300 _a742p
_ccm.
942 _hZ1, N5
_cTEXL
_2CC
999 _c1166872
_d1166872